Jak se Rumcajs poradil s rakem /

Hlavní autor: Čtvrtek, Václav, 1911-1976
Další autoři: Pilař, Radek, 1931-1993
Jazyk: Čeština
Vydáno: Praha : Albatros, 1977
Vydání: 3. vyd.
Edice: Omalovánky s textem
Studio
Témata:
Fyzický popis: 1 sv. (nestr.) : il.
Knihy
Uloženo v:
LEADER 00997nam a2200289 a 4500
001 000563839
003 CZ BrMZK
005 20170525122825.0
007 ta
008 980107s1977 xr a f cze d
040 |a BOA001  |b cze 
100 1 |a Čtvrtek, Václav,  |d 1911-1976  |7 jk01021929  |4 aut 
245 1 0 |a Jak se Rumcajs poradil s rakem /  |c Václav Čtvrtek ; ilustroval Radek Pilař 
250 |a 3. vyd. 
260 |a Praha :  |b Albatros,  |c 1977 
300 |a 1 sv. (nestr.) :  |b il. 
490 1 |a Omalovánky s textem 
490 1 |a Studio 
700 1 |a Pilař, Radek,  |d 1931-1993  |7 jk01093059  |4 ill 
830 0 |a Omalovánky s textem 
830 0 |a Studio 
910 |a BOA001  |b X-0726.312-77  |b PK-A-0013.460-77 
964 |a Rumcajs - omalovánky 
964 |a Omalovánky 
990 |a BK 
996 6 |b 2619199135  |c X-0726.312-77  |l MZK  |r Sklad / do 24 hodin  |n 0  |w 000563839  |u 000020  |a 1  |e BOA001  |j MZK50  |s P 
996 6 |b 563839-10  |c PK-A-0013.460-77  |l MZK  |r Sklad / do 1 hodiny  |n 0  |w 000563839  |u 000010  |a 1  |e BOA001  |j MZK50  |s P